ბათუმის შოთა რუსთაველის სახელმწიფო უნივერსიტეტის ბიბლიოთეკა

მაია (ბიბ.ჩანაწერი № 49774)

000 -LEADER
fixed length control field 00652nam a2200229Ia 4500
001 - CONTROL NUMBER
control field 16709
003 - CONTROL NUMBER IDENTIFIER
control field GE_BSU
008 - FIXED-LENGTH DATA ELEMENTS--GENERAL INFORMATION
fixed length control field 181216s||||||||xx |||||||||||||| ||und||
040 ## - CATALOGING SOURCE
Transcribing agency GE_BSU
080 ## - UNIVERSAL DECIMAL CLASSIFICATION NUMBER
Universal Decimal Classification number 891.71-93
100 ## - MAIN ENTRY--PERSONAL NAME
Personal name ინბერი, ვერა
245 ## - TITLE STATEMENT
Title მაია
245 ## - TITLE STATEMENT
Remainder of title მოთხრობა ბავშვებისათვის
245 ## - TITLE STATEMENT
Statement of responsibility, etc. მთარგმნ.: მ. გვარამია
260 ## - PUBLICATION, DISTRIBUTION, ETC.
Place of publication, distribution, etc. თბილისი
260 ## - PUBLICATION, DISTRIBUTION, ETC.
Name of publisher, distributor, etc. ნაკადული
260 ## - PUBLICATION, DISTRIBUTION, ETC.
Date of publication, distribution, etc. 1964
300 ## - PHYSICAL DESCRIPTION
Extent 93გვ. ; 16სმ
653 ## - INDEX TERM--UNCONTROLLED
Uncontrolled term მაია
653 ## - INDEX TERM--UNCONTROLLED
Uncontrolled term მოთხრობა
942 ## - ADDED ENTRY ELEMENTS (KOHA)
Koha item type წიგნი
ეგზემპლარები
Withdrawn status Lost status Damaged status Not for loan Date acquired Barcode Date last seen Price effective from Koha item type
        2018-12-17 21298 2018-12-17 2018-12-17 წიგნი
        2018-12-17 21299 2018-12-17 2018-12-17 წიგნი